OPAC Home

CEYLON PRODUCE SALES LIST (Record no. 236894)

MARC details
000 -LEADER
fixed length control field 00506nam a22002057a 4500
003 - CONTROL NUMBER IDENTIFIER
control field LK-CoDNM
005 - DATE AND TIME OF LATEST TRANSACTION
control field 20250117150103.0
008 - FIXED-LENGTH DATA ELEMENTS--GENERAL INFORMATION
fixed length control field 250110b |||||||| |||| 00| 0 eng d
040 ## - CATALOGING SOURCE
Original cataloging agency LK-CoDNM
Modifying agency LK-CoDNM
Description conventions LK-CoDNM
041 ## - LANGUAGE CODE
Language code of text/sound track or separate title English
080 ## - UNIVERSAL DECIMAL CLASSIFICATION NUMBER
Universal Decimal Classification number 11
Item number H5
942 ## - ADDED ENTRY ELEMENTS (KOHA)
Koha item type Books
100 ## - MAIN ENTRY--PERSONAL NAME
Personal name BUTLER,SAMEL
700 ## - ADDED ENTRY--PERSONAL NAME
Personal name Bamber,MK
245 ## - TITLE STATEMENT
Title CEYLON PRODUCE SALES LIST
Remainder of title Nos.28
260 ## - PUBLICATION, DISTRIBUTION, ETC. (IMPRINT)
Date of publication, distribution, etc. 1898
Place of publication, distribution, etc. COLOMBO
Name of publisher, distributor, etc. CHATTO&WINDUS
300 ## - PHYSICAL DESCRIPTION
Extent XIV,22P. : ill ; 25 cm
490 ## - SERIES STATEMENT
Volume/sequential designation VOLL 9
650 ## - SUBJECT ADDED ENTRY--TOPICAL TERM
Topical term or geographic name as entry element Science

No items available.

Copyright © 2023 Department of National Museum, Colombo 07, Sri Lanka Funded by UNESCO IFAP UNESCO